Score 0/13 Timer 05:00
0 Plays Today
Actor Character % Correct
Ray RomanoRaymond Barone
99%
Doris RobertsMarie Barone
96.4%
Peter BoyleFrank Barone
96.3%
Brad GarrettRobert Barone
94.9%
Patricia HeatonDebra Barone
93.1%
Monica HoranAmy McDougal-Barone
84.7%
Madylin SweetenAlly Barone
74.5%
Sawyer SweetenMichael Barone
60.9%
Sullivan Skye SweetenGeoffrey Barone
59.6%
Chris ElliottPeter McDougal
46.4%
Fred WillardHank McDougal
44.2%
Georgia EngelPatricia McDougal
42.3%
Sherri ShephardJudy
26.4%

You're not logged in!

Compare scores with friends on all Sporcle quizzes.
OR
Log In

Sporcle TV

Today on Sporcle TV


Watch our educational content, quiz creation guides, and fun videos on Sporcle TV.

Show Comments

Extras

Top Quizzes Today


Score Distribution

Paid Content

Your Account Isn't Verified!

In order to create a playlist on Sporcle, you need to verify the email address you used during registration. Go to your Sporcle Settings to finish the process.

Report this User

Report this user for behavior that violates our Community Guidelines.

Details: